[Event "UZB-ch 1st League"]
[Site "Tashkent"]
[Date "2009.04.23"]
[Round "13"]
[White "Bozorov, Makhsum"]
[Black "Kasyan, Aleksandr"]
[Result "0-1"]
[WhiteElo "2170"]
[BlackElo "2305"]
[PlyCount "80"]
[EventDate "2009.04.11"]
[EventType "tourn"]
[EventRounds "13"]
[EventCountry "UZB"]
[SourceTitle "CBM 130 Extra"]
[Source "ChessBase"]
[SourceDate "2009.07.02"]
[SourceVersion "2"]
[SourceVersionDate "2009.07.15"]
[SourceQuality "1"]

1. e4 e5 2. Nf3 Nc6 3. Nc3 Nf6 4. d4 exd4 5. Nxd4 Bb4 6. Nxc6 bxc6 7. Bd3 d5 8. exd5 cxd5 9. 0-0 0-0 10. Bg5 c6 11. Qf3 Be7 12. h3 h6 13. Bf4 Be6 14. Rfe1 Bd6 15. Rad1 Rb8 16. Na4 Rb4 17. Bxd6 Qxd6 18. b3 c5 19. c3 Rbb8 20. Bf5 Rbe8 21. Qd3 Nd7 22. Be4 Nf6 23. Bf3 Rc8 24. a3 Qc6 25. Qc2 Qb5 26. Be2 Qb8 27. Rb1 d4 28. cxd4 cxd4 29. Nc5 Nd5 30. Ba6 Rc6 31. b4 Nc3 32. Rbc1 Qf4 33. Qd3 Bd5 34. Rxc3 Rg6 35. g3 dxc3 36. Qxd5 c2 37. Qc4 Qd2 38. Qe2 c1Q 39. Rxc1 Qxc1+ 40. Kg2 Qxa3 0-1

[Event "UZB-ch 1st League"]
[Site "Tashkent"]
[Date "2009.04.17"]
[Round "7"]
[White "Kholmirzaev, Bakhodir"]
[Black "Bozorov, Makhsum"]
[Result "1/2-1/2"]
[WhiteElo "2265"]
[BlackElo "2170"]
[PlyCount "115"]
[EventDate "2009.04.11"]
[EventType "tourn"]
[EventRounds "13"]
[EventCountry "UZB"]
[SourceTitle "CBM 130 Extra"]
[Source "ChessBase"]
[SourceDate "2009.07.02"]
[SourceVersion "2"]
[SourceVersionDate "2009.07.15"]
[SourceQuality "1"]

1. e4 c5 2. b3 d6 3. Bb2 e6 4. Nf3 Nc6 5. Bb5 Bd7 6. 0-0 Nf6 7. Re1 Be7 8. d4 cxd4 9. Nxd4 Nxd4 10. Bxd7+ Qxd7 11. Qxd4 0-0 12. c4 b5 13. cxb5 Qxb5 14. Nc3 Qb7 15. Rad1 Rfd8 16. Rd3 Bf8 17. Red1 Rd7 18. h3 Rc8 19. Qa4 Rc6 20. Qd4 Rc8 21. Rf3 Qb6 22. Qxb6 axb6 23. Na4 Rc2 24. Bxf6 gxf6 25. Nxb6 Rb7 26. Nc4 Rxa2 27. Rg3+ Kh8 28. Nxd6 Rd7 29. Rgd3 Rxd6 30. Rxd6 Bxd6 31. Rxd6 Rb2 32. Rb6 Kg7 33. g3 Kg6 34. Kg2 f5 35. exf5+ Kxf5 36. Kf3 h5 37. Rb8 e5 38. Ke3 Rc2 39. Rd8 Rb2 40. Rd3 Rb1 41. Rc3 Rb2 42. Kf3 f6 43. Re3 Rb1 44. Rc3 Rb2 45. Ke3 Rb1 46. Ke2 Rb2+ 47. Kf3 Rb1 48. Kg2 Rb2 49. Rf3+ Kg5 50. Re3 Kf5 51. Kf3 Rb1 52. g4+ hxg4+ 53. hxg4+ Kg5 54. Ke4 Rd1 55. Rd3 Re1+ 56. Re3 Rd1 57. Rd3 Re1+ 58. Re3 1/2-1/2